KHADIJAH : (Record no. 204013)

MARC details
000 -LEADER
fixed length control field 01011nam a2200301 i 4500
005 - DATE AND TIME OF LATEST TRANSACTION
control field 20260426124334.0
008 - FIXED-LENGTH DATA ELEMENTS--GENERAL INFORMATION
fixed length control field 260426s2025 my dr 000 0 may d
020 ## - INTERNATIONAL STANDARD BOOK NUMBER
International Standard Book Number 9786297687407
Terms of availability RM12.00
Qualifying information paperback
040 ## - CATALOGING SOURCE
Original cataloging agency PPAK
Language of cataloging eng
Transcribing agency PPAK
Description conventions rda
082 04 - DEWEY DECIMAL CLASSIFICATION NUMBER
Classification number 297.18
Edition number 23
090 00 - LOCALLY ASSIGNED LC-TYPE CALL NUMBER (OCLC); LOCAL CALL NUMBER (RLIN)
Classification number (OCLC) (R) ; Classification number, CALL (RLIN) (NR) 297.18
Feature heading RAS
Feature heading G
100 0# - MAIN ENTRY--PERSONAL NAME
Personal name Rashiela Nurain,
Relator term author.
245 10 - TITLE STATEMENT
Title KHADIJAH :
Remainder of title ISTERI TERCINTA RASULULLAH S.A.W. /
Statement of responsibility, etc. RASHIELA NURAIN, IMRAN ROSLI
264 #1 - PRODUCTION, PUBLICATION, DISTRIBUTION, MANUFACTURE, AND COPYRIGHT NOTICE
Place of production, publication, distribution, manufacture Bandar Baru Nilai, Negeri Sembilan :
Name of producer, publisher, distributor, manufacturer BLINK BOOK SDN BHD,
Date of production, publication, distribution, manufacture, or copyright notice 2025
300 ## - PHYSICAL DESCRIPTION
Extent 120 pages ;
Dimensions 19 cm
336 ## - CONTENT TYPE
Content type term text
Source rdacontent
337 ## - MEDIA TYPE
Media type term unmediated
Source rdamedia
338 ## - CARRIER TYPE
Carrier type term volume
Source rdacarrier
500 ## - GENERAL NOTE
General note Contains quotes from the Hadith.
600 04 - SUBJECT ADDED ENTRY--PERSONAL NAME
Personal name Khadijah,
Dates associated with a name -approximately 619
Personal name Muhammad, $c Prophet,
Dates associated with a name -632
General subdivision Family
650 10 - SUBJECT ADDED ENTRY--TOPICAL TERM
Topical term or geographic name entry element Islamic stories, Malay
Topical term or geographic name entry element Women in Islam
Topical term or geographic name entry element Muslim women
Topical term or geographic name entry element Women in the Qur'an
700 0# - ADDED ENTRY--PERSONAL NAME
Personal name Imran Rosli,
Relator term author.
942 ## - ADDED ENTRY ELEMENTS (KOHA)
Source of classification or shelving scheme Dewey Decimal Classification
Koha item type Book
Holdings
Withdrawn Not for loan Current library Shelving location Date acquired Total Checkouts Full call number Barcode Date last seen Koha item type
    Perpustakaan Alor Setar Pinjaman Dewasa 27/04/2026   297.18 RAS A01914106 27/04/2026 Book
    Perpustakaan Awam Sungai Petani Pinjaman Dewasa 27/04/2026   297.18 RAS A01914107 27/04/2026 Book
    Perpustakaan Baling Pinjaman Dewasa 27/04/2026   297.18 RAS A01914111 27/04/2026 Book
    Perpustakaan Bandar Baharu Pinjaman Dewasa 27/04/2026   297.18 RAS A01914112 27/04/2026 Book
    Perpustakaan Jitra Pinjaman Dewasa 27/04/2026   297.18 RAS A01914108 27/04/2026 Book
    Perpustakaan Kuala Nerang Pinjaman Dewasa 27/04/2026   297.18 RAS A01914116 27/04/2026 Book
    Perpustakaan Kulim Pinjaman Dewasa 27/04/2026   297.18 RAS A01914110 27/04/2026 Book
    Perpustakaan Langkawi Pinjaman Dewasa 27/04/2026   297.18 RAS A01914109 27/04/2026 Book
    Perpustakaan Merbok Pinjaman Dewasa 27/04/2026   297.18 RAS A01914113 27/04/2026 Book
    Perpustakaan Pendang Pinjaman Dewasa 27/04/2026   297.18 RAS A01914117 27/04/2026 Book
    Perpustakaan Sik Pinjaman Dewasa 27/04/2026   297.18 RAS A01914115 27/04/2026 Book
    Perpustakaan Yan Pinjaman Dewasa 27/04/2026   297.18 RAS A01914114 27/04/2026 Book